000 00515nam a2200217Ia 4500
003 OSt
005 20220723090804.0
008 210210b1985 xxu||||| |||| 00| 0 eng d
040 _cAL
041 _aEnglish
082 _a344 MATL
100 _aMATHEW (P D).
_952917
245 _aLaw On Rape
260 _aND
_bIndian social institute
_c1985
300 _a24
440 _aLegal Education Series No 11
_952918
650 _aRape
_952919
690 _aSocial Law
_952920
906 _a038141
942 _2ddc
_cBK
999 _c88249
_d88249